Entry Nombre personal
001 - NÚMERO DE CONTROL
- campo de control: 37495
003 - IDENTIFICADOR DE NÚMERO DE CONTROL
- campo de control: SpMaBN
005 - FECHA Y HORA DE LA ÚLTIMA TRANSACCIÓN
- campo de control: 20230828190703.0
008 - ELEMENTOS DE DATO DE LONGITUD-FIJA
- campo de control de longitud fija: 901120nn aijnnaabn a aaa
016 ## - NÚMERO DE CONTROL DE UNA AGENCIA BIBLIOGRÁFICA NACIONAL
- Número de control del registro: BNE19900042983
024 7# - IDENTIFICADOR DE OTROS ESTÁNDARES
- Número estándar o código: http://viaf.org/viaf/112083643/
- Fuente: viaf
024 7# - IDENTIFICADOR DE OTROS ESTÁNDARES
- Número estándar o código: https://isni.org/isni/0000000084093312
- Fuente: isni
024 7# - IDENTIFICADOR DE OTROS ESTÁNDARES
- Número estándar o código: http://www.wikidata.org/entity/Q85410484
- Fuente: wikidata
040 ## - FUENTE DE CATALOGACIÓN
- Centro catalogador/agencia de origen: SpMaBN
- Lengua de catalogación: spa
- Centro/agencia transcriptor: SpMaBN
- Normas de descripción: rdc
- Convención/Normas de encabezamiento de materia/tesauro: embne
046 ## - FECHAS CON CODIFICACIÓN ESPECIAL
- Fecha de nacimiento: 1957
100 1# - ENCABEZAMIENTO-NOMBRE DE PERSONA
- Nombre de persona: Cerezales Laforet, Agustín,
- Fechas asociadas al nombre: 1957-
375 ## - GÉNERO/SEXO
- Género: Masculino
377 ## - IDIOMA ASOCIADO
- Código del idioma: spa
- Término de lengua/lenguaje: Español
400 1# - TRAZADO DE VÉASE--NOMBRE DE PERSONA
- Nombre de persona: Cerezales, Agustín,
- Fechas asociadas al nombre: 1957-
670 ## - FUENTE DE DATOS ENCONTRADOS
- Cita de la fuente: Historia de Perceval..., de Chrestien de Troyes, 1983
- Información encontrada: (traducción del francés de Agustín Cerezales Laforet)
670 ## - FUENTE DE DATOS ENCONTRADOS
- Cita de la fuente: Huella leve y otros relatos, 1991
- Información encontrada: port. (Agustín Cerezales) p. [5] (Madrid, 1957; traductor, ensayista, guionista y articulista, es autor de dos libros de relatos)
670 ## - FUENTE DE DATOS ENCONTRADOS
- Cita de la fuente: Los trabajos de Hércules, de Agustín, Silvia y Manuel Cerezales, 1993
670 ## - FUENTE DE DATOS ENCONTRADOS
- Cita de la fuente: Dic. de escritores, 1996
- Información encontrada: (Cerezales Laforet, Agustín; n. Madrid, 1958; escritor, editor y col. en prensa; escribe narrativa y ensayo)
670 ## - FUENTE DE DATOS ENCONTRADOS
- Cita de la fuente: Dic. de literatura española e hispanoamericana, 1993
- Información encontrada: (Agustín Cerezales Laforet (Madrid, 1957))
